[Event "IECG CE.2002.0.00038 email"]
[Site "IECG email"]
[Date "2002.10.10"]
[Round "?"]
[White "Gatheral, David"]
[Black "Kulik, Vadim"]
[Result "0-1"]
[WhiteElo "1300"]
[BlackElo "1263"]
[PlyCount "32"]
[EventDate "2002.10.10"]
[EventType "tourn (corr)"]
[EventRounds "6"]
[SourceTitle "Corr 2024"]
[Source "ChessBase"]
[SourceDate "2023.10.19"]
[SourceVersion "1"]
[SourceVersionDate "2023.10.19"]
[SourceQuality "1"]

1. e4 e5 2. f4 Bc5 3. Nf3 d6 4. c3 Nf6 5. d3 0-0 6. fxe5 dxe5 7. Nxe5 Nxe4 8. Nf3 Nf2 9. Qc2 Re8+ 10. Be2 Bf5 11. Kf1 Rxe2 12. Qb3 Qxd3 13. c4 Rd2+ 14. Qxd3 Bxd3+ 15. Ke1 Re2+ 16. Kf1 Rd2+ 0-1

[Event "IECG CE.2002.0.00038 email"]
[Site "IECG email"]
[Date "2002.10.10"]
[Round "?"]
[White "Gatheral, David"]
[Black "Marks, David W"]
[Result "0-1"]
[WhiteElo "1300"]
[BlackElo "1255"]
[PlyCount "48"]
[EventDate "2002.10.10"]
[EventType "tourn (corr)"]
[EventRounds "6"]
[SourceTitle "Corr 2008"]
[Source "ChessBase"]
[SourceDate "2008.06.24"]
[SourceVersion "1"]
[SourceVersionDate "2008.06.24"]
[SourceQuality "1"]

1. e4 e5 2. f4 d5 3. exd5 exf4 4. Nf3 Nf6 5. Bc4 Nxd5 6. d4 Be7 7. 0-0 Be6 8. Bxd5 Bxd5 9. Bxf4 0-0 10. Nbd2 c5 11. c4 Bxf3 12. Nxf3 cxd4 13. Kh1 Nc6 14. Ne5 Bf6 15. Nxc6 bxc6 16. Rf3 c5 17. Qd3 Qe7 18. Rh3 g6 19. Rf1 Rae8 20. Bh6 Bg7 21. Bxg7 Kxg7 22. Qd2 f5 23. Qh6+ Kg8 24. b3 Rf7 0-1